Hlboké 3D vnímanie pre štvornohého robota

Saved in:
Bibliographic Details
Main Author: Andocs, Kristian (Author)
Other Authors: Kajan, Slavomír (Thesis advisor)
Format: Manuscript Book
Language:Slovak
Published: Bratislava : STU v Bratislave FEI, 2023
Subjects:
Online Access:https://opac.crzp.sk/?fn=detailBiblioFormChildUD95B&sid=C0DEB8E07572332BA92A0A15805F&seo=CRZP-detail-kniha
Tags: Add Tag
No Tags, Be the first to tag this record!

MARC

LEADER 00000ntm a22000003a 4500
001 stuzp91983
003 SK-STU
005 20241127121540.1
007 ta
008 150427s2015----xo-----f-mn---000-0-slo-d
040 |a STU  |b slo 
041 0 |a slo 
044 |a xo 
100 1 |a Andocs, Kristian  |u 031000  |4 aut  |U FEI Fakulta elektrotechniky a informatiky  |T FEI Ústav robotiky a kybernetiky  |X 98308  |U E011  |Y 356  |7 98308 
242 0 1 |a Deep 3D Perception for a Four-legged Robot  |y eng 
245 1 0 |a Hlboké 3D vnímanie pre štvornohého robota 
260 |a Bratislava :  |b STU v Bratislave FEI,  |c 2023 
300 |a 95 s. 
650 4 |a Štvornohý robot  |2 slo 
650 4 |a Neurónové siete  |2 slo 
650 4 |a Posilňujúce učenie  |2 slo 
650 4 |a Riadenie robotov  |2 slo 
650 4 |a Neural networks  |2 eng 
650 4 |a Reinforcement Learning  |2 eng 
650 4 |a Four-legged robot  |2 eng 
650 4 |a Robot control  |2 eng 
700 1 |a Kajan, Slavomír  |u 031000  |k Z1  |4 ths  |U FEI Fakulta elektrotechniky a informatiky  |T FEI Ústav robotiky a kybernetiky  |X 4240  |U E011  |Y 356  |7 A000004240 
856 4 |u https://opac.crzp.sk/?fn=detailBiblioFormChildUD95B&sid=C0DEB8E07572332BA92A0A15805F&seo=CRZP-detail-kniha